Experimentálne pracovisko na monitorovanie stavu strojového zariadenia na základe merania vibrácií

Salvato in:
Dettagli Bibliografici
Autore principale: Horniak, Peter (Autore)
Altri autori: Juhás, Martin (Relatore della tesi)
Natura: Manoscritto Libro
Lingua:slovacco
Pubblicazione: 2016
Soggetti:
Accesso online:http://is.stuba.sk/zp/portal_zp.pl?podrobnosti=120428
Tags: Aggiungi Tag
Nessun Tag, puoi essere il primo ad aggiungerne!!

MARC

LEADER 00000ntm a22000003a 4500
001 stuzp59035
003 SK-STU
005 20160719155738.3
007 ta
008 150427s2015----xo-----f-mn---000-0-slo-d
040 |a STU  |b slo 
041 0 |a slo 
100 1 |a Horniak, Peter  |u 020020  |4 aut  |U SjF Strojnícka fakulta  |T SjF Ústav automatizácie, merania a aplikovanej informatiky  |X 6160  |U J0020  |Y 802  |7 6160 
242 0 1 |a Experimental workplace for monitoring the status of machinery based on vibration measurements  |y eng 
245 1 0 |a Experimentálne pracovisko na monitorovanie stavu strojového zariadenia na základe merania vibrácií 
260 |c 2016 
650 4 |a PLC  |2 slo 
650 4 |a vibrodiagnostika  |2 slo 
650 4 |a vibrácie  |2 slo 
650 4 |a snímač  |2 slo 
650 4 |a vibrodiagnostics  |2 eng 
650 4 |a PLC  |2 eng 
650 4 |a sensor  |2 eng 
650 4 |a vibrations  |2 eng 
700 1 |a Juhás, Martin  |u 020020  |k Z1  |4 ths  |U SjF Strojnícka fakulta  |T SjF Ústav automatizácie, merania a aplikovanej informatiky  |X 2316  |U J0020  |Y 802  |7 A000002316 
856 4 |u http://is.stuba.sk/zp/portal_zp.pl?podrobnosti=120428 
996 |b 284J044025  |c J* 2315/DP  |l JJSK  |s A  |a 24  |w stuzp59035_0001 
SQL |a stuzp59035  |b DDP  |c SLO  |d Experimentálne pracovisko na monitorovanie stavu strojového zariadenia na základe merania vibrácií  |e 6160  |f Horniak, Peter  |g 020020  |h 2316  |i Juhás, Martin  |j 20160615  |k 51  |l 02  |m http://is.stuba.sk/zp/portal_zp.pl?podrobnosti=120428  |n I-AISP  |o 5.2.14. automatizácia